| 000 | 00923cam a22002291i 4500 | ||
|---|---|---|---|
| 999 |
_c75201 _d312478 |
||
| 003 | SA-RiAUC | ||
| 005 | 20181218112141.0 | ||
| 008 | 160216s2018 su f 000 0 ara c | ||
| 020 | _a9786038169964 | ||
| 040 |
_ama-un _bara |
||
| 082 | 0 | 4 |
_a332.1068 _221 _bأ ج إ |
| 100 |
_aأدريس، جعفر عبدالله موسي _965076 |
||
| 245 | 1 | 0 |
_aإدارة المنشآت المالية المتخصصة = _bSpecialization Financial Institutions Management / _cجعفر عبدالله موسي إدريس. |
| 250 | _aط. 1. | ||
| 260 |
_aجدة، السعودية : _bخوارزم العلمية، _c2018 _m1439 |
||
| 300 |
_a592 ص. ، _c24 سم |
||
| 650 | 7 |
_aإدارة البنوك التجارية _965077 |
|
| 650 | 7 |
_aإدارة البنوك الإسلامية _965078 |
|
| 650 | 7 |
_aالمؤسسات المالية _xإدارة _965079 |
|
| 650 | 7 |
_aشركات التأمين _xإدارة _965080 |
|
| 942 | _cBOOK | ||